01170nam a22002657a 450000100060000000300080000600500170001400800410003103500190007204000350009104100080012608200240013410000300015824501910018826000710037930000370045050200770048750400290056465000490059370000400064270000470068294200130072999900170074295201450075982017BD-RjUL20231126104935.0231001s2014 bg a|||| m||| 00| 0 eng d a(BD-RjUL)82017 aBD-RjULbengcBD-RjULdBD-RjUL aeng 223a546.6bBAS 2014 aBanu, Laila Arjuman9928210aStudies on the transition metal complexes of schiff bases with heterocyclic amines /cSubmitted by Laila Arjuman Banu ;6Supervisor : M. Saidul Islam, Co-Supervisor : M. Abdul Jalil Miah aRajshahi :bDepartment of Chemistry, University of Rajshahi,c2014 aix, 228 leaves :bill, ;c29.cm. aThesis (Ph. D.) -- Department of Chemistry, University of Rajshahi, 2014 aReferences : Leaves 161  aTransition metal vInorganic chemistry99283 aIslam, M. Saidul, Supervisor 95545 aMiah, M. Abdul Jalil, Co-Supervisor 99284 2ddccTHE c82017d82017 102ddc40718THESESaRUCLbRUCLcDoc/Thed2015-06-13eController of Exam. R.U.l0oTHE 546.6 BAS 2014pD3783r2023-10-01 00:00:00tC-1yTHE